|
|
|
|
| LEADER |
00000nam a2200000 4500 |
| 008 |
150805b2014 cr ||||| |||| 00| | spa d |
| 999 |
|
|
|c 2765
|d 2765
|
| 090 |
|
|
|a Archivo # 19
|
| 100 |
1 |
|
|9 712
|a Peña Bonilla, Encarnación
|
| 245 |
1 |
0 |
|a Pioneras de la U transformaron mandatos sociales /
|
| 260 |
|
|
|a San José, Costa Rica :
|b Universidad de Costa Rica,
|c 2014
|
| 300 |
|
|
|a página 20
|
| 500 |
|
|
|a En: Semanario Univerisidad, no. 2033, 02 de abril, página 20
|
| 610 |
2 |
4 |
|9 714
|a UNIVERSIDAD DE COSTA RICA
|
| 650 |
1 |
4 |
|9 55
|a MUJERES
|
| 650 |
1 |
4 |
|9 374
|a MOVIMIENTOS SOCIALES
|
| 650 |
1 |
4 |
|9 713
|a MUJERES TRANSFORMANDO MANDATOS SOCIALES. UNIVERSIDAD DE COSTA RICA (1940-1959)
|
| 856 |
|
|
|u https://semanariouniversidad.com/universitarias/pioneras-de-la-u-transformaron-mandatos-sociales/
|
| 942 |
|
|
|i 003810
|h Archivo # 19
|2 z
|c 07
|